LEADER 01211nam a2200277 u 4500 001 000000079072 003 CaOOAMICUS 005 20070226123511.0 008 040525s2000 nyu u000 u eng u 020 $a0826410847 035 $a10996605 040 $aPUL$bita 245 00$aNative religions and cultures of North America :$banthropology of the Sacred /$cedited by Lawrence E. Sullivan. 260 $aNew York and London :$bContinuum,$cc2000. 300 $a249 p. ;$c23 cm 500 $aContiene indici. 504 $aBibliografia in nota. 650 4$aAntropologia culturale e religione.$0(OLS)http://pul/subject/14294 650 4$aIndiani$zAmerica del Nord.$0(OLS)http://pul/subject/24095 700 1 $aSullivan, Lawrence E.$0(OLS)http://pul/name/27443 850 $aPUL 852 $aPUL$W1$xSL Religione 3$y85$m299 SULLA 1$j101273$nBK-PRI$qDDC 21$B101273$CPULBib$Z2$F101273 $HPUL90337 $82 941 1 $a9 996 $6020$a0826410847$9(OLS)http://pul/number/103761 996 $6245$aNative religions and cultures of North America :$banthropology of the Sacred$9(OLS)http://pul/title/103511 996 $6260$aNew York and London :$bContinuum$9(OLS)http://pul/publisher/75549 LEADER 01395nam a2200265 a 4500 001 000000166115 003 CaOOAMICUS 005 20180222120403.0 008 180222s1938 xxu 000 u eng r 032 $aLibriCat 040 $aPUL$bita 100 1 $aMcQuade, Vincent Augustine.$0(OLS)http://pul/name/107086 245 14$aThe American Catholic attitude on child labor since 1891 :$ba study of the formation and development of catholic attitude on a specific social question /$cVincent Augustine McQuade. 260 $aWashington, D.C. :$bThe Catholic University of America,$c1938. 300 $aix, 205 p. ;$c24 cm. 502 $aTesi : The Catholic University of America. 1938. 504 $aBibliografia in nota a pič pagina. 650 04$aFilosofia e societā.$0(OLS)http://pul/subject/39378 710 2 $aCatholic University of America.$kTesi.$0(OLS)http://pul/name/106692 850 $aPUL 852 $aPUL$W1$xDP1 Tesi Univ. Washington$y50$mTH WAS 173$j191065$qTesi$B193942$CPULBib$Z2$F193942 $H9239 $81 941 1 $a16 996 $6245$aThe American Catholic attitude on child labor since 1891 :$ba study of the formation and development of catholic attitude on a specific social question$9(OLS)http://pul/title/205837 996 $6260$aWashington, D.C. :$bThe Catholic University of America$9(OLS)http://pul/publisher/62694